Организация ЭВМ и систем. Фундаментальный курс по архитектуре и структуре современных компьютерных средств: учебник для вузов

Sonraí bibleagrafaíochta
Príomhchruthaitheoir: Орлов С. А. Сергей Александрович
Rannpháirtithe: Цилькер Б. Я. Борис Яковлевич
Achoimre:Учебник посвящен систематическому изложению вопросов организации структуры и функционирования вычислительных машин и систем, при этом большое внимание уделяется вопросам эффективности традиционных и перспективных решений в области компьютерной техники. Рассмотрены структура и функционирование классических фон-неймановских машин, принципы организации шин, внутренней и внешней памяти, операционных устройств и устройств управления, систем ввода-вывода. Изложены основные тенденции в архитектуре современных процессоров. Значительная часть материала посвящена идеологии построения и функционирования параллельных и распределенных вычислительных систем самых разнообразных классов. Показаны наиболее перспективные направления в области организации и архитектуры вычислительных машин и систем. В основу работы положен 30-летний университетский опыт преподавания авторами соответствующих дисциплин.
Teanga:Rúisis
Foilsithe / Cruthaithe: Санкт-Петербург, Питер, 2014
Eagrán:3-е изд.
Sraith:Учебник для вузов
Стандарт третьего поколения
Ábhair:
Formáid: LEABHAR
KOHA link:https://koha.lib.tpu.ru/cgi-bin/koha/opac-detail.pl?biblionumber=264272

MARC

LEADER 00000nam0a2200000 4500
001 264272
005 20231101233821.0
010 |a 9785496011457 
035 |a (RuTPU)RU\TPU\book\287263 
035 |a RU\TPU\book\72334 
035 |a RU\TPU\book\213951 
090 |a 264272 
100 |a 20040928d2014 m y0rusy50 ca 
101 0 |a rus 
102 |a RU 
105 |a a j 001zy 
200 1 |a Организация ЭВМ и систем. Фундаментальный курс по архитектуре и структуре современных компьютерных средств  |e учебник для вузов  |f С. А. Орлов, Б. Я. Цилькер 
205 |a 3-е изд. 
210 |a Санкт-Петербург  |c Питер  |d 2014 
215 |a 688 с.  |c ил. 
225 1 |a Учебник для вузов 
225 1 |a Стандарт третьего поколения 
320 |a Библиогр.: с. 663-671. 
320 |a Алф. указ.: с. 672-685. 
330 |a Учебник посвящен систематическому изложению вопросов организации структуры и функционирования вычислительных машин и систем, при этом большое внимание уделяется вопросам эффективности традиционных и перспективных решений в области компьютерной техники. Рассмотрены структура и функционирование классических фон-неймановских машин, принципы организации шин, внутренней и внешней памяти, операционных устройств и устройств управления, систем ввода-вывода. Изложены основные тенденции в архитектуре современных процессоров. Значительная часть материала посвящена идеологии построения и функционирования параллельных и распределенных вычислительных систем самых разнообразных классов. Показаны наиболее перспективные направления в области организации и архитектуры вычислительных машин и систем. В основу работы положен 30-летний университетский опыт преподавания авторами соответствующих дисциплин. 
451 1 |0 (RuTPU)RU\TPU\book\105760  |y 5-94723-759-8  |t Организация ЭВМ и систем  |o учебник для вузов  |f Б. Я. Цилькер, С. А. Орлов  |c СПб.  |n Питер  |d 2006  |p 668 с.  |s Издательская программа "300 лучших учебников для высшей школы в честь 300-летия Санкт-Петербурга"  |a Цилькер, Борис Яковлевич 
606 1 |a Персональные ЭВМ  |2 stltpush  |3 (RuTPU)RU\TPU\subj\71057  |9 85120 
610 1 |a цифровая вычислительная техника 
610 1 |a архитектура 
610 1 |a становление 
610 1 |a эволюция 
610 1 |a операционные устройства 
610 1 |a функционирование 
610 1 |a компьютерная техника 
610 1 |a персональные электронные вычислительные машины 
610 1 |a параллельные вычисления 
610 1 |a бортовые вычислительные комплексы 
610 1 |a фон-неймановские машины 
610 1 |a учебники 
675 |a 004.382.7(075.8)  |v 4 
700 1 |a Орлов  |b С. А.  |g Сергей Александрович 
701 1 |a Цилькер  |b Б. Я.  |g Борис Яковлевич 
801 1 |a RU  |b 63413507  |c 20140618 
801 2 |a RU  |b 63413507  |c 20150703  |g RCR 
942 |c BK 
959 |a 71/20140416  |d 2  |e 1330,00  |f ЧЗТЛ:1  |f АНЛ:1